Scrambled Words Ending in “M” - Statistics

General Stats
  • This quiz has been taken 55 times
  • The average score is 23 of 30
Answer Stats
Hint Answer % Correct
upmiO Opium
96%
aumquirA Aquarium
92%
emBdroo Bedroom | Boredom
92%
moBxu Buxom
92%
ahCms Chasm
92%
alCim Claim
90%
eCmra Cream
90%
xiamM Maxim
90%
yhRmth Rhythm
90%
eytmSs System
90%
muVcua Vacuum
90%
Amuysl Asylum
88%
Gnsiyumam Gymnasium
83%
mniuPtla Platinum
83%
mptmyoS Symptom
83%
oPmuid Podium
79%
ntPaohm Phantom
77%
sciamFs Fascism
75%
omblPre Problem
75%
Uirnuma Uranium
71%
utnmoMme Momentum
69%
uTmeid Tedium
67%
Ahogtrmli Algorithm
63%
ircsmtiiC Criticism
63%
myaClasct Cataclysm
56%
idPrmaag Paradigm
56%
nlmuPude Pendulum
56%
emcSrupt Spectrum
52%
olmtreePu Petroleum
48%
Vnlaimsad Vandalism
44%
No matching quizzes found
Score Distribution
Percent of People with Each Score
Percentile by Number Answered
Your Score History
You have not taken this quiz